Thine is the kingdom, the power and the glory (Registro nro. 70468)
[ vista simple ]
| 000 -LÍDER | |
|---|---|
| Campo fijo de descripción fija | 01377nab a2200241 i 4500 |
| 001 - NÚMERO DE CONTROL | |
| Campo de control | 768714001 |
| 003 - IDENTIFICADOR DEL NÚMERO DE CONTROL | |
| Campo de control | CO-MdFUSB |
| 005 - FECHA Y HORA DE LA ULTIMA TRANSACCIÓN | |
| control field | 20240710081443.0 |
| 008 - ELEMENTOS DE LONGITUD FIJA -- INFORMACIÓN GENERAL | |
| Campo fijo de descripción fija -- Información general | 240710t1981 sz ||||| |||| 00| 0 eng d |
| 040 ## - FUENTE DE CATALOGACIÓN | |
| Idioma de catalogación | spa |
| Agencia que realiza la transcripción | CO-MdFUSB |
| Agencia que realiza la modificación | CO-MdFUSB |
| 041 ## - CÓDIGO DE IDIOMA | |
| Código de idioma para texto/pista de sonido o título separado | eng |
| 100 ## - ASIENTO PRINCIPAL--NOMBRE PERSONAL | |
| Nombre personal | Pokorný, Petr. |
| Término relacionador | autor |
| 245 ## - TÍTULO | |
| Título | Thine is the kingdom, the power and the glory |
| Mención de responsabilidad | / Petr Pokorný |
| 520 ## - NOTA DE RESUMEN, ETC. | |
| Nota de sumario, etc. | Estos cinco estudios bíblicos tienen como objetivo profundizar nuestra comprensión del tema del Consejo General: "Tuyo es el Reino, el poder y la gloria". El uso de este folleto debería fomentar la lectura "activa" de la Biblia en congregaciones, grupos y familias cristianas, la lectura "activa" que alguna vez fue una característica de la espiritualidad reformada. <br/>Contiene los siguientes temas:<br/>1. El Reino de Dios <br/>2. El Nuevo Pacto<br/>3. Tuyo es el reino<br/>4. Las realidades que se interponen entre el hombre y Dios.<br/>5. La responsabilidad humana en la historia<br/><br/> |
| 546 ## - NOTA DE IDIOMA | |
| Nota de idioma | Texto en inglés. |
| 650 #7 - ASIENTO SECUNDARIO DE MATERIA - TERMINO TEMÁTICO | |
| Término temático o nombre geográfico como elemento de entrada | Reino de Dios |
| 9 (RLIN) | 219 |
| 650 #7 - ASIENTO SECUNDARIO DE MATERIA - TERMINO TEMÁTICO | |
| Término temático o nombre geográfico como elemento de entrada | Hermenéutica |
| 9 (RLIN) | 418 |
| 650 #0 - ASIENTO SECUNDARIO DE MATERIA - TERMINO TEMÁTICO | |
| Término temático o nombre geográfico como elemento de entrada | Reforma de la iglesia |
| 9 (RLIN) | 958 |
| 650 #7 - ASIENTO SECUNDARIO DE MATERIA - TERMINO TEMÁTICO | |
| Término temático o nombre geográfico como elemento de entrada | Cristianismo y cultura |
| 9 (RLIN) | 6959 |
| 773 0# - ASIENTO DE ITEM FUENTE | |
| Biblionumber | 49396 |
| Itemnumber | 82820 |
| Lugar, editorial y fecha de publicación | Ginebra |
| Otro identificador del ítem | R2671 |
| Título | Reformed World |
| Número de control del registro | (CO-MdFUSB)38 |
| Número Internacional Normalizado para Publicaciones Seriadas (ISSN) | 0034-3056 |
| Parte(s) relacionada(s) / Volumen., número. (mes año), páginas | Volumen 36, (número 6, 1981) páginas: 247 - 268 |
| Enumeración y primera página | página: 247 |
| 942 ## - TIPO DE MATERIAL (KOHA) | |
| Tipo de Item KOHA | Artículos de Revista |
| 945 ## - INFORMACIÓN LOCAL DEL REGISTRO | |
| Catalogador | Catherine Arias Álvarez - Practicante SENA |
No hay ítems disponibles.
